000 00855nas a2200253 4500
001 BR2011001963
003 BR-BrBNA
005 20231205114928.0
007 ta
008 230509b bl.|||p| |||| 00| 00por d
040 _aBR-BrBNA
_bpor
_cBiblioteca Nacional de Agricultura
041 _a(Pt)
072 _aK10; U10
100 1 _aOda-Souza, M.
100 1 _aBatista, J.L.F.
100 1 _aRibeiro Junior, P.J.
100 1 _aRodrigues, R.R.
245 1 _aInfluência do tamanho e forma da unidade amostral sobre a estrutura de dependência espacial em quatro formações florestais do estado de São Paulo
650 _aMODELO MATEMÁTICO
650 _aPESQUISA FLORESTAL
773 0 _tFloresta (Brazil)
_xISSN 0015-3826
_g(Oct-Dec 2010), v. 40(4) p. 849-860
_wBR2011001963
909 _a202311
_bLúcia
_c55
_dLúcia Elande
942 _2AGRIS
_n0
_cANA
999 _c211266
_d211266